Online
Catalog

Selección de prosas / (Record no. 5572)

MARC details
000 -CABECERA
campo de control de longitud fija 00776cam a2200229 a 4500
001 - NÚMERO DE CONTROL
campo de control 000005776
005 - FECHA Y HORA DE LA ÚLTIMA TRANSACCIÓN
campo de control 20200929151759.0
008 - DATOS DE LONGITUD FIJA--INFORMACIÓN GENERAL
campo de control de longitud fija 760714s1968 uy 000 p spa
040 ## - FUENTE DE LA CATALOGACIÓN
Centro catalogador/agencia de origen DO-SdBNP
Lengua de catalogación spa
Centro/agencia transcriptor BNPHU
082 ## - NÚMERO DE LA CLASIFICACIÓN DECIMAL DEWEY
Número de clasificación U861.4
Número de documento/Ítem I64s
100 1# - ENTRADA PRINCIPAL--NOMBRE DE PERSONA
Nombre de persona Ipuche, Pedro Leandro,
Fechas asociadas al nombre 1889-1976.
9 (RLIN) 16349
240 10 - TÍTULO UNIFORME
Título uniforme Poems. Selections.
Fecha de publicación/de la obra 1968
245 10 - MENCIÓN DE TÍTULO
Título Selección de prosas /
Mención de responsabilidad, etc. Pedro Leandro Ipuche ; prólogo de Domingo Luis Bordoli.
260 ## - PUBLICACIÓN, DISTRIBUCIÓN, ETC.
Lugar de publicación, distribución, etc. Montevideo :
Nombre del editor, distribuidor, etc. [Tall. Graf. Barreiro y Ramos],
Fecha de publicación, distribución, etc. 1968.
300 ## - DESCRIPCIÓN FÍSICA
Extensión 2 v. ;
Dimensiones 19 cm.
490 1# - MENCIÓN DE SERIE
Mención de serie Biblioteca Artigas
490 1# - MENCIÓN DE SERIE
Mención de serie Clásicos uruguayos
Designación de volumen o secuencia 127-128
650 #4 - PUNTO DE ACCESO ADICIONAL DE MATERIA--TÉRMINO DE MATERIA
Término de materia o nombre geográfico como elemento de entrada Poesía uruguaya
9 (RLIN) 3846
650 #4 - PUNTO DE ACCESO ADICIONAL DE MATERIA--TÉRMINO DE MATERIA
Término de materia o nombre geográfico como elemento de entrada Literatura uruguaya
9 (RLIN) 3054
830 #0 - PUNTO DE ACCESO ADICIONAL DE SERIE-TÍTULO UNIFORME
Título uniforme Clásicos uruguayos ;
Designación de volumen o secuencia 127-128
9 (RLIN) 16278
830 #0 - PUNTO DE ACCESO ADICIONAL DE SERIE-TÍTULO UNIFORME
Título uniforme Biblioteca Artigas
9 (RLIN) 16279
Holdings
Estado de retiro Estado de pérdida Restricciones de uso No para préstamo Código de colección Localización permanente Ubicación/localización actual Ubicación en estantería Fecha de adquisición Número de inventario Total de préstamos Signatura topográfica completa Código de barras Fecha visto por última vez Precio válido a partir de Tipo de ítem Koha
    Préstamo interno   Monografías: Libros y Folletos General General Depósito 22.08.2009 LF1   U861.4 I64s | t.1 5776-10 25.06.2020 25.06.2020 Préstamo interno
    Préstamo interno   Monografías: Libros y Folletos General General Depósito 14.10.2009 LF1   U861.4 I64s | t.2 5776-20 25.06.2020 25.06.2020 Préstamo interno

Powered by Koha